| 000 | 00545cam a2200145 4500500 | ||
|---|---|---|---|
| 005 | 20260201142815.0 | ||
| 041 | _afre | ||
| 042 | _adc | ||
| 100 | 1 | 0 |
_aAlante-Lima, Willy _eauthor |
| 245 | 0 | 0 | _aPierre BARDIN : Joseph de Saint-George, le Chevalier noir – Éditions Guénégaud, 243 pages – 30 euros |
| 260 | _c2005. | ||
| 500 | _a58 | ||
| 786 | 0 | _nPrésence Africaine | 172 | 2 | 2005-06-01 | p. 199b-203b | 0032-7638 | |
| 856 | 4 | 1 | _uhttps://shs.cairn.info/revue-presence-africaine-2005-2-page-199b?lang=fr&redirect-ssocas=7080 |
| 999 |
_c1642841 _d1642841 |
||